La Suprema Corte de Justicia y el pensamiento jurídico /
Colección sobre la historia de la Suprema Corte de Justicia de la Nación (SCJN), máximo tribunal de México, establecido en 1824, que esta institución del Poder Judicial empezó a publicar en 1985. La colección está formada por tres clases de trabajos: los primeros tres tomos, editados en el marco de...
Сохранить в:
| Соавтор: | |
|---|---|
| Другие авторы: | |
| Формат: | |
| Язык: | испанский |
| Опубликовано: |
México :
Suprema Corte de Justicia de la Nación,
1985, c1985
|
| Серии: | (Historia de la Universidad ;
3) |
| Предметы: | |
| Метки: |
Нет меток, Требуется 1-ая метка записи!
|
MARC
| LEADER | 00000nam^a2200000^a^4500 | ||
|---|---|---|---|
| 001 | 000167551 | ||
| 005 | 20250521000000.0 | ||
| 009 | 20260310101130.76 | ||
| 020 | |a 968-6145-02-8 | ||
| 037 | |a Acervo ITESO - Biblioteca | ||
| 041 | |a ESP | ||
| 082 | |a 347. 72035 |b MEX HIS V. 3 | ||
| 110 | |a México. |b Suprema Corte de Justicia de la Nación | ||
| 240 | 1 | 1 | |a [Historia de la Suprema Corte de Justicia de la Nación] |
| 245 | 1 | 3 | |a La Suprema Corte de Justicia y el pensamiento jurídico / |c Suprema Corte de Justicia de la Nación ; J. Barragán Barragán... [et al.]. |
| 264 | 4 | |a México : |b Suprema Corte de Justicia de la Nación, |c 1985, c1985 | |
| 300 | |a 351 p. | ||
| 336 | |a texto |b txt |2 rdacontenido | ||
| 337 | |a sin mediación |b n |2 rdamedio | ||
| 338 | |a volumen |b nc |2 rdasoporte | ||
| 440 | 1 | |a (Historia de la Universidad ; |v 3) | |
| 520 | |a Colección sobre la historia de la Suprema Corte de Justicia de la Nación (SCJN), máximo tribunal de México, establecido en 1824, que esta institución del Poder Judicial empezó a publicar en 1985. La colección está formada por tres clases de trabajos: los primeros tres tomos, editados en el marco de los festejos de tres aniversarios conmemorados durante el bienio 1984-1985 (175 del inicio de la Independencia, 75 de la Revolución Mexicana y 160 de la SCJN), aluden a distintos aspectos del tribunal máximo; siguen trabajos que describen el desarrollo de la institución, incluidos sus precedentes, desde 1808 y a lo largo de las distintas etapas de la historia nacional y por último, un tercer tipo de publicaciones son índices que auxilian a la consulta de los volúmenes históricos. | ||
| 520 | |a Denominado La Suprema Corte de Justicia y el pensamiento jurídico, el tercer volumen es un conjunto de siete ensayos jurídicos, cuyos diferentes autores presentan interpretaciones de las expresiones y actuaciones más significativas del máximo tribunal; examinan la SCJN en comparación con la Suprema Corte de Estados Unidos; estudian el juicio de amparo, como órgano de control constitucional y máximo intérprete de las normas constitucionales y legales, e investigan la función de la jurisprudencia en el sistema jurídico nacional y su importancia en la evolución de las instituciones jurídicas fundamentales de México. La colección prosigue con el tomo titulado La Suprema Corte de Justicia: sus orígenes y primeros años, 1808-1847, volumen con el que inicia el estudio de la institución a lo largo de los distintos períodos de la historia mexicana. | ||
| 649 | |a XX | ||
| 650 | |a Suprema Corte de Justicia de la Nación - |z México - |x Historia - |x Tema Principal | ||
| 650 | |a Tribunales - |z México - |x Historia | ||
| 650 | |a Tribunales - |z EUA | ||
| 650 | |a Poder Judicial - |z México - |x Historia | ||
| 650 | |a Poder Judicial - |z EUA | ||
| 650 | |a Instituciones Jurídicas - |z México - |x Historia | ||
| 650 | |a Instituciones Jurídicas - |z EUA | ||
| 650 | |a Amparo - |z México | ||
| 650 | |a Amparo - |x Teoría | ||
| 650 | |a Jurisprudencia - |z México - |x Historia | ||
| 650 | |a Justicia - |x Administración - |z México | ||
| 650 | |a Justicia e Injusticia - |z EUA | ||
| 650 | |a Derecho Constitucional - |z México | ||
| 650 | |a Derecho Público - |z México | ||
| 650 | |a Derecho - |z México - |x Historia | ||
| 650 | |a Derecho Público - |z EUA | ||
| 650 | |a Derecho Comparado | ||
| 650 | |a Derecho - |x Teoría | ||
| 650 | |a México - |x Historia | ||
| 700 | |a Barragán Barragán, José |e (autor) | ||
| 910 | |a Fondo General | ||
| 920 | |a Impresos - Libros | ||
| 930 | |a Obras de Referencia | ||
| 905 | |a 102 | ||
| 901 | |a 0500103552 |b IT2 |c REF |u 20250521 | ||
| 902 | |a https://opac.biblio.iteso.mx/vufind/Record/000167551 | ||